|
|
|
|
| LEADER |
01224nam a22003252i 4500 |
| 001 |
001753397 |
| 003 |
CZ BrMZK |
| 005 |
20200721081147.0 |
| 007 |
ta |
| 008 |
200610s1960 gw a er|||||||||||ger d |
| 040 |
|
|
|a BOD001
|b cze
|d BOA001
|e rda
|
| 072 |
|
7 |
|a 37
|x Výchova a vzdělávání
|2 Konspekt
|9 22
|
| 080 |
|
|
|a 37.0(091)
|2 MRF
|
| 080 |
|
|
|a 37.091(091)
|2 MRF
|
| 080 |
|
|
|a (048.8)
|2 MRF
|
| 100 |
1 |
|
|a Alt, Robert,
|d 1905-1978
|7 jn20000600170
|4 aut
|
| 245 |
1 |
0 |
|a Bilderatlas zur Schul- und Erziehungsgeschichte.
|n Band 1,
|p Von der Urgesellschaft bis zum Vorabend der bürgerlichen Revolutionen /
|c Robert Alt
|
| 264 |
|
1 |
|a Berlin :
|b Volk und Wissen Volkseigener Verlag,
|c 1960
|
| 300 |
|
|
|a 11, 493 stran :
|b ilustrace, faksimile
|
| 336 |
|
|
|a text
|b txt
|2 rdacontent
|
| 336 |
|
|
|a statický obraz
|b sti
|2 rdacontent
|
| 337 |
|
|
|a bez média
|b n
|2 rdamedia
|
| 338 |
|
|
|a svazek
|b nc
|2 rdacarrier
|
| 650 |
0 |
7 |
|a dějiny výchovy a vzdělávání
|7 ph492504
|2 czenas
|
| 650 |
0 |
7 |
|a dějiny školství
|7 ph536908
|2 czenas
|
| 655 |
|
7 |
|a monografie
|7 fd132842
|2 czenas
|
| 910 |
|
|
|a BOA001
|b 3-0445.494,1
|
| 990 |
|
|
|a BK
|
| 991 |
|
|
|b 202006
|
| 996 |
7 |
|
|b 2618881908
|c 3-0445.494,1
|l MZK
|r Sklad / do 1 hodiny
|n 0
|w 001807472
|u 000010
|a 1
|e BOA001
|j MZK50
|s A
|